00509cam a2200169 a 450000100100000000500170001000800410002704000290006808200190009710000230011624500370013926000500017630000200022658600470024665000210029365000250031400000963420200929161642.0760322s1975 cu f000 0 spa  aDO-SdBNPbspacLCdBNPHU aA862.44bG618r1 aGoldenberg, Jorge.10aRelevo 1923 /cJorge Goldenberg. aLa Habana :bCasa de las Américas,c[1975]. a96 p. ;c20 cm. aPremio Casa de las Américas 1975 teatro. 4aTeatro argentino 4aLiteratura argentina